University Home | Library Home | Institutional Repository

The consequences of trade union power erosion (Record no. 205467)

MARC details
000 -LEADER
fixed length control field 00558nam a22001817a 4500
005 - DATE AND TIME OF LATEST TRANSACTION
control field 20201208145930.0
008 - FIXED-LENGTH DATA ELEMENTS--GENERAL INFORMATION
fixed length control field 201208b ||||| |||| 00| 0 eng d
040 ## - CATALOGING SOURCE
Transcribing agency Unza library
100 ## - MAIN ENTRY--PERSONAL NAME
Personal name John T Addison
245 ## - TITLE STATEMENT
Title The consequences of trade union power erosion
Statement of responsibility, etc. Addison T.John
260 ## - PUBLICATION, DISTRIBUTION, ETC.
Place of publication, distribution, etc. I.Z.A.
260 ## - PUBLICATION, DISTRIBUTION, ETC.
Date of publication, distribution, etc. 2014
650 ## - SUBJECT ADDED ENTRY--TOPICAL TERM
Topical term or geographic name entry element Union density
650 ## - SUBJECT ADDED ENTRY--TOPICAL TERM
Topical term or geographic name entry element Bargaining structure
650 ## - SUBJECT ADDED ENTRY--TOPICAL TERM
Topical term or geographic name entry element Micro-performance
856 ## - ELECTRONIC LOCATION AND ACCESS
Uniform Resource Identifier https://wol.iza.org/uploads/articles/68/pdfs/consequences-of-trade-union-power-erosion.pdf
999 ## -
-- 205467
-- 205467
942 ## - ADDED ENTRY ELEMENTS (KOHA)
Koha item type Electronic Resource

No items available.

© 2026 - The University of Zambia Library - Koha v25.11